Paediatrics : (Record no. 301)
[ view plain ]
| 000 -LEADER | |
|---|---|
| fixed length control field | 01193nam a2200385 a 4500 |
| 001 - ACCESSION NUMBER | |
| control field | 31336 |
| 003 - CONTROL NUMBER IDENTIFIER | |
| control field | UkOxU |
| 005 - DATE AND TIME OF LATEST TRANSACTION | |
| control field | 20140911185635.0 |
| 008 - FIXED-LENGTH DATA ELEMENTS--GENERAL INFORMATION | |
| fixed length control field | 970514s1997 enk 001 0 eng d |
| 015 ## - NATIONAL BIBLIOGRAPHY NUMBER | |
| National bibliography number | GB 97-Y1915 |
| 020 ## - INTERNATIONAL STANDARD BOOK NUMBER | |
| International Standard Book Number | 0192625640 (hbk.) |
| 020 ## - INTERNATIONAL STANDARD BOOK NUMBER | |
| International Standard Book Number | 0192625632 (pbk.) |
| 035 ## - SYSTEM CONTROL NUMBER | |
| System control number | BNB2441.426 |
| 040 ## - CATALOGING SOURCE | |
| Original cataloging agency | BDS |
| Transcribing agency | DLC |
| 082 0# - DEWEY DECIMAL CLASSIFICATION NUMBER | |
| Classification number | 616.0432 |
| Edition number | 21 |
| 245 00 - TITLE STATEMENT | |
| Title | Paediatrics : |
| Remainder of title | understanding child health / |
| Statement of responsibility, etc. | edited by Tony Waterston, Martin Ward Platt and Peter Helms. |
| 260 ## - PUBLICATION, DISTRIBUTION, ETC. (IMPRINT) | |
| Place of publication, distribution, etc. | Oxford : |
| Name of publisher, distributor, etc. | Oxford University Press, |
| Date of publication, distribution, etc. | 1997. |
| 300 ## - PHYSICAL DESCRIPTION | |
| Extent | x, 422 p. : |
| Other physical details | ill. ; |
| Dimensions | 26 cm. |
| 490 1# - SERIES STATEMENT | |
| Series statement | Oxford core texts |
| 490 1# - SERIES STATEMENT | |
| Series statement | Oxford medical publications |
| 600 ## - SUBJECT ADDED ENTRY--PERSONAL NAME | |
| Source of heading or term | Paediatrics |
| 650 #0 - SUBJECT ADDED ENTRY--TOPICAL TERM | |
| Topical term or geographic name as entry element | Pediatrics. |
| 650 #2 - SUBJECT ADDED ENTRY--TOPICAL TERM | |
| Topical term or geographic name as entry element | Pediatrics. |
| 700 1# - ADDED ENTRY--PERSONAL NAME | |
| Personal name | Waterston, Tony. |
| 700 1# - ADDED ENTRY--PERSONAL NAME | |
| Personal name | Platt, Martin Ward. |
| 700 1# - ADDED ENTRY--PERSONAL NAME | |
| Personal name | Helms, Peter. |
| 830 #0 - SERIES ADDED ENTRY--UNIFORM TITLE | |
| Uniform title | Oxford core texts |
| 830 #0 - SERIES ADDED ENTRY--UNIFORM TITLE | |
| Uniform title | Oxford medical publications. |
| 942 ## - ADDED ENTRY ELEMENTS (KOHA) | |
| Source of classification or shelving scheme | Dewey Decimal Classification |
| Koha item type | Books |
| Withdrawn status | Lost status | Source of classification or shelving scheme | Damaged status | Not for loan | Home library | Current library | Date acquired | Total Checkouts | Full call number | Barcode | Date last seen | Price effective from | Koha item type |
|---|---|---|---|---|---|---|---|---|---|---|---|---|---|
| Dewey Decimal Classification | Wesley Powell Learning Resource Centre | Wesley Powell Learning Resource Centre | 07/21/2017 | 616.0432 PEA (31336) | 31336 | 07/21/2017 | 07/21/2017 | Books |